[Event "EU-ch Online U2300 Qual"]
[Site "Chess.com INT"]
[Date "2020.05.25"]
[Round "4"]
[White "Lystsov, Leonid"]
[Black "Levitan, Tal"]
[Result "1-0"]
[WhiteElo "2038"]
[BlackElo "2126"]
[PlyCount "105"]
[EventDate "2020.05.25"]
[EventType "swiss"]
[EventRounds "8"]
[EventCountry "NET"]
[SourceTitle "EXT 2021"]
[Source "ChessBase"]
[SourceDate "2020.10.23"]
[SourceVersion "1"]
[SourceVersionDate "2020.10.23"]
[SourceQuality "1"]

1. Nf3 d5 2. c4 e6 3. g3 dxc4 4. Bg2 a6 5. 0-0 Nf6 6. a4 Nc6 7. Qc2 Be7 8. Qxc4 0-0 9. d4 Rb8 10. Nc3 Bd7 11. Rd1 Na7 12. Bf4 Bd6 13. Bxd6 cxd6 14. e4 Nxe4 15. Nxe4 d5 16. Qc5 b6 17. Qc2 dxe4 18. Qxe4 Bc6 19. Qd3 a5 20. b3 g6 21. Rac1 Qd6 22. Qa6 Nc8 23. Ne5 Bxg2 24. Kxg2 Ne7 25. Qb5 Rfd8 26. Rc4 Qd5+ 27. Qxd5 Rxd5 28. Rc7 Re8 29. Nd7 Kg7 30. Nxb6 Rd6 31. Nc4 Rd5 32. Ne3 Rd6 33. Rc5 Rb8 34. Nc4 Rd5 35. Nxa5 Rbd8 36. Rxd5 Nxd5 37. Kf3 Rc8 38. Nc4 Rb8 39. Rb1 Nb4 40. Ke3 Rd8 41. Kd2 Nc6 42. Kc3 Nxd4 43. b4 Ne2+ 44. Kc2 Nd4+ 45. Kb2 Nf3 46. b5 Nxh2 47. a5 Ng4 48. b6 Nxf2 49. a6 Nd3+ 50. Kc3 Nc5 51. a7 Ra8 52. b7 Nxb7 53. Rxb7 1-0

[Event "EU-ch Online U2300 Qual"]
[Site "Chess.com INT"]
[Date "2020.05.25"]
[Round "5"]
[White "Lystsov, Leonid"]
[Black "Puzyrevsky, Semen"]
[Result "1-0"]
[WhiteElo "2038"]
[BlackElo "1667"]
[PlyCount "55"]
[EventDate "2020.05.25"]
[EventType "swiss"]
[EventRounds "8"]
[EventCountry "NET"]
[SourceTitle "EXT 2021"]
[Source "ChessBase"]
[SourceDate "2020.10.23"]
[SourceVersion "1"]
[SourceVersionDate "2020.10.23"]
[SourceQuality "1"]

1. Nf3 g6 2. g3 Bg7 3. Bg2 d6 4. 0-0 e5 5. c4 f5 6. Nc3 Nf6 7. d3 0-0 8. Rb1 c6 9. b4 Qe8 10. b5 h6 11. bxc6 bxc6 12. Ba3 Qe6 13. Qa4 Bd7 14. Nd2 g5 15. Rb7 Qf7 16. Bxd6 Rd8 17. Rfb1 c5 18. Qa5 Qe8 19. Qxc5 Nc6 20. Rxd7 Nxd7 21. Qxc6 Rac8 22. Qa4 Qh5 23. Rb7 Nf6 24. Bxe5 Re8 25. Bxf6 Bxf6 26. Nd5 Qg6 27. Qa6 Rf8 28. Ne7+ 1-0

[Event "EU-ch Online U2300 Qual"]
[Site "Chess.com INT"]
[Date "2020.05.25"]
[Round "6"]
[White "Mostbauer, Florian"]
[Black "Lystsov, Leonid"]
[Result "1/2-1/2"]
[WhiteElo "2309"]
[BlackElo "2038"]
[PlyCount "137"]
[EventDate "2020.05.25"]
[EventType "swiss"]
[EventRounds "8"]
[EventCountry "NET"]
[SourceTitle "EXT 2021"]
[Source "ChessBase"]
[SourceDate "2020.10.23"]
[SourceVersion "1"]
[SourceVersionDate "2020.10.23"]
[SourceQuality "1"]

1. c4 g6 2. g3 Bg7 3. Bg2 Nf6 4. e3 0-0 5. Ne2 c5 6. 0-0 Nc6 7. Nbc3 d6 8. b3 Bd7 9. Bb2 a6 10. d4 cxd4 11. exd4 Rb8 12. Qd2 b5 13. c5 dxc5 14. dxc5 Qc7 15. Nf4 Rfd8 16. Ncd5 Nxd5 17. Nxd5 Qa7 18. Bxg7 Kxg7 19. Qc3+ e5 20. Nb6 Nd4 21. Qe3 f6 22. Rac1 Bc6 23. Bxc6 Nxc6 24. Rcd1 Nd4 25. f4 Nf5 26. Qe2 Qc7 27. b4 exf4 28. Rxf4 Qe5 29. Re1 Qxe2 30. Rxe2 a5 31. bxa5 Rb7 32. a4 bxa4 33. Rxa4 Rd1+ 34. Kg2 Rc1 35. a6 Ra7 36. Nc8 Ra8 37. Nb6 Ra7 38. Nc8 Ra8 39. a7 Rxc8 40. a8Q Rxa8 41. Rxa8 Rxc5 42. Ra7+ Kh6 43. Rf7 Rc6 44. Rd7 g5 45. Kf2 Kg6 46. g4 Nh4 47. Ree7 f5 48. Rg7+ Kf6 49. Rdf7+ Ke5 50. Rxg5 Kf4 51. Rgxf5+ Nxf5 52. gxf5 Rc2+ 53. Kg1 Kf3 54. h4 Rc1+ 55. Kh2 Rc2+ 56. Kg1 Kg4 57. f6 Kf5 58. Rf8 Ke6 59. Rh8 Rc7 60. Kg2 Kxf6 61. Kg3 Kg7 62. Re8 Rc3+ 63. Kg4 Rc4+ 64. Kg3 Kf6 65. Re3 h5 66. Rf3+ Ke5 67. Ra3 Rg4+ 68. Kh3 Rd4 69. Ra5+ 1/2-1/2

[Event "EU-ch U12"]
[Site "Bratislava"]
[Date "2019.08.09"]
[Round "8"]
[White "Lystsov, Leonid"]
[Black "Magold, Filip"]
[Result "0-1"]
[WhiteElo "2086"]
[BlackElo "1859"]
[PlyCount "158"]
[EventDate "2019.08.02"]
[EventType "swiss"]
[EventRounds "9"]
[EventCountry "SVK"]
[SourceTitle "EXT 2020"]
[Source "ChessBase"]
[SourceDate "2019.10.17"]
[SourceVersion "1"]
[SourceVersionDate "2019.10.17"]
[SourceQuality "1"]

1. Nf3 d5 2. g3 Nf6 3. Bg2 c6 4. 0-0 Bg4 5. c4 e6 6. d3 Nbd7 7. cxd5 cxd5 8. Nc3 Be7 9. e4 Bxf3 10. Bxf3 dxe4 11. dxe4 0-0 12. Qe2 Ne5 13. Rd1 Qb6 14. b3 Rac8 15. Bb2 Qa6 16. Kg2 Qxe2 17. Bxe2 Rfd8 18. f3 Nc6 19. Rxd8+ Rxd8 20. Rd1 Rxd1 21. Nxd1 Kf8 22. Bb5 Ke8 23. Bxc6+ bxc6 24. Kf2 g6 25. Bxf6 Bxf6 26. Ke3 Kd7 27. Kd3 h5 28. h3 Kd6 29. Ne3 h4 30. g4 Ke5 31. Ng2 g5 32. Ke3 Be7 33. Kd3 a5 34. Kc4 Bf8 35. Kc3 Be7 36. Kd3 Bf6 37. a3 Be7 38. a4 f5 39. exf5 exf5 40. Ne3 fxg4 41. fxg4 Kf4 42. Nf5 Bb4 43. Ke2 Bc5 44. Kf1 Kf3 45. Nh6 Kg3 46. Nf7 Kxh3 47. Nxg5+ Kxg4 48. Ne6 Bb4 49. Kg2 h3+ 50. Kh2 c5 51. Nd8 Kf3 52. Kxh3 Ke3 53. Kg4 Kd3 54. Kf3 Kc3 55. Ke4 Kxb3 56. Nc6 Kxa4 57. Kd5 Kb5 58. Na7+ Ka6 59. Nc6 a4 60. Kc4 a3 61. Kb3 Kb5 62. Ne5 Kb6 63. Nc4+ Kc6 64. Ne3 Kd6 65. Nc2 Kd5 66. Ne3+ Kd4 67. Nf5+ Kd3 68. Nd6 Kd2 69. Nc4+ Kc1 70. Ka2 Kc2 71. Ne3+ Kd3 72. Nd5 Kd4 73. Nf4 c4 74. Ne2+ Ke3 75. Nc1 Kd2 76. Kb1 Kd1 77. Na2 Ba5 78. Nc1 c3 79. Nb3 c2+ 0-1

[Event "EU-ch U12"]
[Site "Bratislava"]
[Date "2019.08.05"]
[Round "4"]
[White "Lystsov, Leonid"]
[Black "Von Mettenheim, Johannes"]
[Result "0-1"]
[WhiteElo "2086"]
[BlackElo "1844"]
[PlyCount "234"]
[EventDate "2019.08.02"]
[EventType "swiss"]
[EventRounds "9"]
[EventCountry "SVK"]
[SourceTitle "EXT 2020"]
[Source "ChessBase"]
[SourceDate "2019.10.17"]
[SourceVersion "1"]
[SourceVersionDate "2019.10.17"]
[SourceQuality "1"]

1. Nf3 b6 2. g3 Bb7 3. Bg2 c5 4. 0-0 Nf6 5. c4 g6 6. Nc3 Bg7 7. d4 cxd4 8. Nxd4 Bxg2 9. Kxg2 0-0 10. e4 Qc7 11. b3 Qb7 12. f3 Nc6 13. Bb2 Rfd8 14. Nd5 Nxd5 15. exd5 Nxd4 16. Bxd4 e5 17. Be3 f5 18. Qd2 d6 19. a4 Re8 20. Ra2 e4 21. f4 Reb8 22. Rb1 a6 23. b4 Rc8 24. Rc2 Rab8 25. Rbc1 Qd7 26. Ra2 Qb7 27. Qd1 a5 28. Qb3 Qa6 29. Rac2 Rc7 30. bxa5 Qxa5 31. Rb1 Ra7 32. Ra2 Ra6 33. Qb5 Rba8 34. Rb4 Bc3 35. Rb3 Bg7 36. Qxa5 Rxa5 37. Rb4 Bc3 38. Rb3 Bg7 39. Rxb6 Rxa4 40. Rxa4 Rxa4 41. c5 dxc5 42. d6 Ra2+ 43. Kh3 Ra7 44. Bxc5 Rd7 45. g4 Kf7 46. gxf5 gxf5 47. Bb4 Ke6 48. Rb5 Bf6 49. Kg2 Rg7+ 50. Kf2 Bd4+ 51. Kf1 Rg1+ 52. Ke2 Rg7 53. Rb8 Rd7 54. h4 Bg7 55. h5 Bh6 56. Ke3 Bg7 57. Bc5 Kf7 58. Ke2 Bf8 59. Rb5 Ke6 60. Rb6 Bxd6 61. Bxd6 Rxd6 62. Rb7 Rd7 63. Rb6+ Kf7 64. Rb5 Kf6 65. Rb6+ Kg7 66. Rb5 Rf7 67. Rb1 Kh6 68. Rg1 Rg7 69. Rh1 Rg3 70. Rh2 Ra3 71. Rh1 Rf3 72. Rh4 Kg7 73. Kd2 Rg3 74. Rh2 Kf6 75. Ke2 Ke6 76. h6 Rf3 77. Rh4 Kd5 78. Kd2 e3+ 79. Kd3 Rg3 80. Rh5 e2+ 81. Kxe2 Ke4 82. Rg5 Rh3 83. Rg7 Rxh6 84. Rf7 Rh2+ 85. Kf1 Kxf4 86. Kg1 Rh4 87. Kg2 Kg5 88. Rg7+ Kf6 89. Ra7 Rg4+ 90. Kf3 Rg7 91. Ra1 h5 92. Rh1 Rg5 93. Rh4 Kg6 94. Ra4 Rg4 95. Ra6+ Kg5 96. Ra8 Rf4+ 97. Ke3 Rf1 98. Rg8+ Kh4 99. Ke2 Rf4 100. Ke3 Rg4 101. Rf8 Rg3+ 102. Kf4 Rg1 103. Ke3 Re1+ 104. Kf2 Re5 105. Kf3 Kh3 106. Kf4 Re1 107. Ra8 Rf1+ 108. Ke3 h4 109. Ke2 Rf4 110. Ke3 Rg4 111. Kf3 Rg3+ 112. Kf2 Kh2 113. Ra5 Rg5 114. Kf3 h3 115. Kf4 Rg1 116. Ra2+ Kh1 117. Kf3 h2 0-1

[Event "Voronezh op-A 23rd"]
[Site "Voronezh"]
[Date "2019.06.18"]
[Round "6"]
[White "Lystsov, Leonid"]
[Black "Pavlov, Mark"]
[Result "1-0"]
[WhiteElo "2116"]
[BlackElo "2031"]
[PlyCount "163"]
[EventDate "2019.06.12"]
[EventType "swiss"]
[EventRounds "9"]
[EventCountry "RUS"]
[SourceTitle "EXT 2020"]
[Source "ChessBase"]
[SourceDate "2019.10.17"]
[SourceVersion "1"]
[SourceVersionDate "2019.10.17"]
[SourceQuality "1"]

1. d4 Nf6 2. Nf3 g6 3. Bg5 Bg7 4. Nbd2 0-0 5. c3 d6 6. e4 c5 7. dxc5 dxc5 8. Be2 Nc6 9. 0-0 Qc7 10. Qc2 b6 11. h3 h6 12. Be3 Nh5 13. Rfd1 Bb7 14. a4 Nd8 15. a5 Ne6 16. Bb5 Rfd8 17. a6 Bc6 18. Qa4 Bxb5 19. Qxb5 Nf6 20. b4 cxb4 21. cxb4 Rac8 22. Rac1 Qxc1 23. Rxc1 Rxc1+ 24. Kh2 Rc2 25. Nc4 Nxe4 26. Nxb6 axb6 27. Bxb6 Rf8 28. a7 Nd6 29. Qa6 Rcc8 30. b5 Ra8 31. Qa4 Rfc8 32. Be3 Nd8 33. b6 N8b7 34. Bf4 Rc4 35. Qd7 Rxf4 36. Qxe7 Re4 37. Qd7 Ree8 38. g3 Red8 39. Qc6 Rac8 40. Qd5 Rc5 41. Qa2 Rcc8 42. Qd5 Re8 43. Nd2 Rc5 44. Qf3 Kh7 45. Kg2 Bd4 46. Ne4 Rf5 47. Qe2 Nxe4 48. f3 Rb5 49. Qxb5 Ned6 50. Qxe8 Nxe8 51. a8Q Ned6 52. Qa6 Bc5 53. f4 Bd4 54. g4 Kg7 55. Kf3 Kf6 56. h4 Ke6 57. h5 gxh5 58. gxh5 Kd5 59. Qd3 f5 60. Qb3+ Kc5 61. Qe6 Kxb6 62. Qxh6 Kc6 63. Qf8 Kd7 64. h6 Nc5 65. h7 Nce4 66. h8Q Bxh8 67. Qxh8 Ke6 68. Ke3 Kd5 69. Qd4+ Kc6 70. Kf3 Kd7 71. Kg2 Kc6 72. Kh3 Kd7 73. Kh4 Kc6 74. Kh5 Kd7 75. Kg6 Kc6 76. Kg7 Kd7 77. Kf8 Kc6 78. Ke7 Kc7 79. Qd5 Nc8+ 80. Kf7 Ncd6+ 81. Ke6 Ne8 82. Qd7+ 1-0

[Event "Voronezh op-A 23rd"]
[Site "Voronezh"]
[Date "2019.06.12"]
[Round "1"]
[White "Lystsov, Leonid"]
[Black "Rodin, Dmitrij"]
[Result "0-1"]
[WhiteElo "2116"]
[BlackElo "2403"]
[PlyCount "124"]
[EventDate "2019.06.12"]
[EventType "swiss"]
[EventRounds "9"]
[EventCountry "RUS"]
[SourceTitle "EXT 2020"]
[Source "ChessBase"]
[SourceDate "2019.10.17"]
[SourceVersion "1"]
[SourceVersionDate "2019.10.17"]
[SourceQuality "1"]

1. Nf3 Nf6 2. g3 b6 3. Bg2 Bb7 4. 0-0 e6 5. c4 Be7 6. Nc3 0-0 7. d4 Ne4 8. Nxe4 Bxe4 9. b3 d6 10. Bb2 Nd7 11. Nd2 Bxg2 12. Kxg2 Bf6 13. Qc2 Rc8 14. Rad1 c6 15. Qb1 b5 16. Ba3 Be7 17. e4 Re8 18. d5 exd5 19. exd5 cxd5 20. cxd5 Qa5 21. Bb2 Bf6 22. Nf3 b4 23. Qf5 Bxb2 24. Qxd7 Red8 25. Qf5 h6 26. Rd2 Bc3 27. Re2 Qc7 28. Qd3 Re8 29. Rd1 Qd7 30. Nd4 Bxd4 31. Rxe8+ Qxe8 32. Qxd4 a5 33. Kf1 Qb5+ 34. Kg2 Qe2 35. Rd2 Qe1 36. Rd1 Qc3 37. Qf4 Qc5 38. Rd2 Re8 39. Qf3 Re5 40. Qd3 g6 41. Qa6 Re1 42. Qc6 Qc1 43. Qxc1 Rxc1 44. Kf3 Kg7 45. Ke3 Kf6 46. Kd4 h5 47. a3 bxa3 48. Ra2 Rd1+ 49. Kc4 Ke5 50. Rxa3 Rxd5 51. Ra2 Rc5+ 52. Kd3 Kd5 53. Re2 Rc7 54. h4 Kc5 55. Rc2+ Kb6 56. Re2 Kb5 57. Kd4 Kb4 58. Re3 Rc2 59. Rf3 f5 60. Kd5 Rc3 61. Rf4+ Kxb3 62. Ke6 a4 0-1

[Event "Sochi Amateur op 6th"]
[Site "Sochi"]
[Date "2019.04.12"]
[Round "8"]
[White "Shanava, Timur"]
[Black "Lystsov, Leonid"]
[Result "0-1"]
[WhiteElo "1939"]
[BlackElo "2139"]
[PlyCount "69"]
[EventDate "2019.04.07"]
[EventType "swiss"]
[EventRounds "9"]
[EventCountry "RUS"]
[SourceTitle "CBM 189 Extra"]
[Source "ChessBase"]
[SourceDate "2019.05.31"]
[SourceVersion "1"]
[SourceVersionDate "2019.05.31"]
[SourceQuality "1"]

1. e4 c5 2. Nf3 g6 3. d4 cxd4 4. Nxd4 Bg7 5. Nc3 Nc6 6. Nde2 Nf6 7. g3 0-0 8. Bg2 Rb8 9. a4 a6 10. 0-0 b5 11. axb5 axb5 12. Nd5 d6 13. h3 Nd7 14. Rb1 Bb7 15. Bg5 h6 16. Be3 Nce5 17. b3 Nc5 18. f3 e6 19. Nb4 Qe7 20. Qd2 Kh7 21. Nd4 Rfc8 22. Nxb5 Na6 23. f4 Nxb4 24. Qxb4 Ba6 25. Qxd6 Qxd6 26. Nxd6 Rxc2 27. fxe5 Bxf1 28. Bxf1 Bxe5 29. Nc4 Bxg3 30. Nd2 f5 31. exf5 exf5 32. Nc4 Rc3 33. Bf2 Rbxb3 34. Rd1 Bxf2+ 35. Kxf2 0-1

[Event "Sochi Amateur op 6th"]
[Site "Sochi"]
[Date "2019.04.07"]
[Round "1"]
[White "Lystsov, Leonid"]
[Black "Lyubokhiner, Leonid M"]
[Result "1-0"]
[WhiteElo "2139"]
[BlackElo "1701"]
[PlyCount "59"]
[EventDate "2019.04.07"]
[EventType "swiss"]
[EventRounds "9"]
[EventCountry "RUS"]
[SourceTitle "CBM 189 Extra"]
[Source "ChessBase"]
[SourceDate "2019.05.31"]
[SourceVersion "1"]
[SourceVersionDate "2019.05.31"]
[SourceQuality "1"]

1. c4 e6 2. g3 d5 3. Bg2 Nf6 4. Nf3 Be7 5. 0-0 0-0 6. d4 c6 7. Nc3 h6 8. Qd3 Nbd7 9. e4 dxc4 10. Qxc4 Nb6 11. Qe2 Bb4 12. Rd1 a5 13. Bd2 Qe7 14. a3 Bxc3 15. Bxc3 Na4 16. Be1 b5 17. b4 Rd8 18. bxa5 Bb7 19. Bb4 Qe8 20. Rac1 c5 21. dxc5 Nxe4 22. Rxd8 Rxd8 23. c6 Bxc6 24. Ne5 Nxg3 25. hxg3 Bxg2 26. Kxg2 Rd5 27. Rc7 Qb8 28. Qc2 Nc5 29. Rxc5 Qxe5 30. Rc8+ 1-0

[Event "Dvorkovich Memorial op"]
[Site "Taganrog"]
[Date "2019.01.11"]
[Round "2"]
[White "Kabanov, Nikolai"]
[Black "Lystsov, Leonid"]
[Result "1/2-1/2"]
[WhiteElo "2447"]
[BlackElo "2153"]
[PlyCount "89"]
[EventDate "2019.01.10"]
[EventType "swiss"]
[EventRounds "9"]
[EventCountry "RUS"]
[SourceTitle "CBM 188 Extra"]
[Source "ChessBase"]
[SourceDate "2019.02.28"]
[SourceVersion "1"]
[SourceVersionDate "2019.02.28"]
[SourceQuality "1"]

1. d4 Nf6 2. Nf3 g6 3. Nc3 Bg7 4. e4 d6 5. Be3 0-0 6. Qd2 c6 7. Bh6 Bxh6 8. Qxh6 Qa5 9. Bd3 c5 10. dxc5 Qxc5 11. 0-0 Qh5 12. Qxh5 Nxh5 13. Nd5 Nc6 14. c3 Be6 15. Rfe1 Rac8 16. Bb5 Rfe8 17. a4 Kf8 18. a5 Red8 19. a6 b6 20. h3 Bd7 21. Nd2 e6 22. Ne3 Ne5 23. Bf1 Bc6 24. Nc2 g5 25. Nd4 Ke7 26. N2f3 Nxf3+ 27. Nxf3 h6 28. Nd4 Nf6 29. e5 Ne8 30. Rad1 dxe5 31. Rxe5 Kf6 32. Rde1 Bd5 33. R5e3 Nd6 34. b3 Nf5 35. Nxf5 Kxf5 36. c4 Bc6 37. Rd3 Rxd3 38. Bxd3+ Kf6 39. f3 Rd8 40. Re3 Rd4 41. Kf2 Ke7 42. Ke2 Bd7 43. Kd2 Bc8 44. Re1 Rd7 45. Ra1 1/2-1/2

[Event "Sochi ChessAmateur op10"]
[Site "Sochi"]
[Date "2018.10.17"]
[Round "8"]
[White "Lystsov, Leonid"]
[Black "Mochalin, Faddey"]
[Result "1/2-1/2"]
[WhiteElo "2288"]
[BlackElo "2032"]
[PlyCount "67"]
[EventDate "2018.10.12"]
[EventType "swiss"]
[EventRounds "9"]
[EventCountry "RUS"]
[SourceTitle "CBM 187 Extra"]
[Source "ChessBase"]
[SourceDate "2018.11.04"]
[SourceVersion "1"]
[SourceVersionDate "2018.11.04"]
[SourceQuality "1"]

1. c4 c6 2. g3 d5 3. Nf3 Nf6 4. Bg2 Bg4 5. 0-0 e6 6. d3 Nbd7 7. b3 h6 8. Bb2 Be7 9. Nbd2 0-0 10. Qc2 a5 11. a3 Qb6 12. Bc3 Rfd8 13. Qb2 c5 14. e3 Rac8 15. Rfe1 Nb8 16. d4 Nbd7 17. Rac1 Qa7 18. b4 cxb4 19. axb4 Nb6 20. bxa5 Nxc4 21. Nxc4 Rxc4 22. Ne5 Rc7 23. Bb4 Bxb4 24. Qxb4 Rdc8 25. Rxc7 Rxc7 26. Nxg4 Nxg4 27. Rb1 Rc2 28. Qb6 Qa8 29. Rf1 Ra2 30. Bf3 Nf6 31. Rb1 Rxa5 32. Qxb7 Qxb7 33. Rxb7 g6 34. Rb2 1/2-1/2

[Event "Sochi ChessAmateur op10"]
[Site "Sochi"]
[Date "2018.10.13"]
[Round "3"]
[White "Irkha, Alexey"]
[Black "Lystsov, Leonid"]
[Result "1/2-1/2"]
[WhiteElo "2107"]
[BlackElo "2288"]
[PlyCount "79"]
[EventDate "2018.10.12"]
[EventType "swiss"]
[EventRounds "9"]
[EventCountry "RUS"]
[SourceTitle "CBM 187 Extra"]
[Source "ChessBase"]
[SourceDate "2018.11.04"]
[SourceVersion "1"]
[SourceVersionDate "2018.11.04"]
[SourceQuality "1"]

1. d4 Nf6 2. Nf3 g6 3. c4 c5 4. d5 Bg7 5. Nc3 0-0 6. e4 e6 7. Bd3 exd5 8. cxd5 d6 9. h3 Nh5 10. 0-0 Nd7 11. Be3 Ne5 12. g4 Nxd3 13. Qxd3 Qf6 14. Bg5 Nf4 15. Bxf6 Nxd3 16. Be7 Re8 17. Bxd6 Nxb2 18. e5 Nc4 19. Bxc5 Nxe5 20. Nxe5 Bxe5 21. Rac1 b6 22. Be3 Bb7 23. Rfd1 Rad8 24. Nb5 a6 25. Nc7 Bxc7 26. Rxc7 Rxd5 27. Rdc1 Ba8 28. Bxb6 Rde5 29. Rc8 h5 30. Rxe8+ Rxe8 31. gxh5 gxh5 32. Rd1 Kh7 33. Rd8 Rxd8 34. Bxd8 Kg6 35. Kh2 Kf5 36. Kg3 Bd5 37. a3 Bc6 38. h4 Ke4 39. f4 f5 40. Be7 1/2-1/2

[Event "Sochi ChessAmateur op10"]
[Site "Sochi"]
[Date "2018.10.12"]
[Round "1"]
[White "Hakobyan, Romik"]
[Black "Lystsov, Leonid"]
[Result "1-0"]
[WhiteElo "2043"]
[BlackElo "2288"]
[PlyCount "109"]
[EventDate "2018.10.12"]
[EventType "swiss"]
[EventRounds "9"]
[EventCountry "RUS"]
[SourceTitle "CBM 187 Extra"]
[Source "ChessBase"]
[SourceDate "2018.11.04"]
[SourceVersion "1"]
[SourceVersionDate "2018.11.04"]
[SourceQuality "1"]

1. d4 Nf6 2. c4 c5 3. d5 e6 4. Nc3 exd5 5. cxd5 d6 6. e4 g6 7. f4 Bg7 8. Bb5+ Nfd7 9. Nf3 a6 10. Bd3 b5 11. a3 0-0 12. 0-0 c4 13. Bc2 Qb6+ 14. Kh1 a5 15. Qe1 Ba6 16. e5 dxe5 17. fxe5 Re8 18. e6 fxe6 19. Ng5 Nf8 20. Be3 Qc7 21. Qh4 Bxc3 22. bxc3 exd5 23. Bd4 Nc6 24. Nf7 Nxd4 25. Qxd4 Qxf7 26. Rxf7 Kxf7 27. Qxd5+ Ne6 28. Rf1+ Kg7 29. Qe5+ Kg8 30. Be4 Rad8 31. h4 Ng7 32. Qf6 Bc8 33. Bd5+ Kh8 34. Bc6 Rg8 35. Bxb5 Be6 36. Re1 Rgf8 37. Qe7 Bg8 38. Qc7 Rb8 39. a4 Nf5 40. g4 Bd5+ 41. Kg1 Ng7 42. Qe5 Bf7 43. Rf1 Bg8 44. Rd1 Be6 45. h5 gxh5 46. gxh5 h6 47. Rd2 Rb7 48. Qe3 Rf6 49. Rd8+ Bg8 50. Bxc4 Rb1+ 51. Kh2 Rb2+ 52. Kh3 Rbf2 53. Rxg8+ Kh7 54. Qg3 Nf5 55. Qc7+ 1-0

[Event "Minsk Amateur op"]
[Site "Minsk"]
[Date "2018.06.26"]
[Round "2"]
[White "Sihite, Chelsie Monica"]
[Black "Lystsov, Leonid"]
[Result "1/2-1/2"]
[WhiteElo "2235"]
[BlackElo "2086"]
[PlyCount "83"]
[EventDate "2018.06.25"]
[EventType "swiss"]
[EventRounds "9"]
[EventCountry "BLR"]
[SourceTitle "CBM 185 Extra"]
[Source "ChessBase"]
[SourceDate "2018.07.29"]
[SourceVersion "1"]
[SourceVersionDate "2018.07.29"]
[SourceQuality "1"]

1. e4 c5 2. Nf3 g6 3. Bc4 Nc6 4. c3 Nf6 5. e5 d5 6. Bb5 Nd7 7. d4 e6 8. 0-0 Qb6 9. Ba4 Bg7 10. dxc5 Qxc5 11. Be3 Qe7 12. Bd4 0-0 13. Re1 Rb8 14. Nbd2 b5 15. Bc2 b4 16. Nf1 Ba6 17. h4 bxc3 18. Bxc3 Nb4 19. Bb1 Nc5 20. b3 Rfc8 21. h5 Ncd3 22. Bxb4 Nxb4 23. Qd2 Qc7 24. h6 Bf8 25. a3 Nc6 26. Qf4 Bxf1 27. Rxf1 Rxb3 28. Rc1 Qb7 29. Bc2 Rb2 30. Ba4 Nd8 31. Nh2 Rxc1+ 32. Rxc1 Rb1 33. Ng4 Qb2 34. Rxb1 Qxb1+ 35. Kh2 Qf5 36. Qd4 Nb7 37. f3 Nc5 38. Qb4 Qh5+ 39. Kg3 Qg5 40. Kh2 Nd3 41. Qb8 Qh4+ 42. Kg1 1/2-1/2

[Event "Voronezh op-A 22nd"]
[Site "Voronezh"]
[Date "2018.06.12"]
[Round "1"]
[White "Lystsov, Leonid"]
[Black "Tsoi, Dmitry"]
[Result "0-1"]
[WhiteElo "2086"]
[BlackElo "2382"]
[PlyCount "126"]
[EventDate "2018.06.12"]
[EventType "swiss"]
[EventRounds "9"]
[EventCountry "RUS"]
[SourceTitle "CBM 185 Extra"]
[Source "ChessBase"]
[SourceDate "2018.07.29"]
[SourceVersion "1"]
[SourceVersionDate "2018.07.29"]
[SourceQuality "1"]

1. d4 Nf6 2. Bf4 b6 3. Nf3 Bb7 4. e3 d6 5. h3 h6 6. Nbd2 g5 7. Bh2 Rg8 8. Bd3 h5 9. e4 g4 10. Nh4 e6 11. Bg3 Be7 12. Qe2 Nfd7 13. hxg4 Rxg4 14. Nhf3 h4 15. Bh2 Rxg2 16. 0-0-0 Qc8 17. Rdg1 Rxg1+ 18. Rxg1 Ba6 19. Rg8+ Nf8 20. c4 Qb7 21. Kb1 c5 22. d5 e5 23. Nf1 Nbd7 24. Ne3 Nf6 25. Rh8 0-0-0 26. Nxh4 Ng6 27. Rxd8+ Kxd8 28. Nxg6 fxg6 29. f4 exf4 30. Bxf4 Nh5 31. Ng2 Qd7 32. e5 dxe5 33. Bxe5 Bf6 34. Bxg6 Qxd5 35. Bb8 Ng7 36. cxd5 Bxe2 37. Nf4 Bf3 38. Bd6 Bg5 39. Ne6+ Nxe6 40. dxe6 Bg4 41. e7+ Bxe7 42. Bxe7+ Kxe7 43. Kc2 Kf6 44. Be8 Ke7 45. Bb5 Bd7 46. Be2 a5 47. a3 a4 48. b4 axb3+ 49. Kxb3 Kd6 50. Kc3 Ke5 51. Bd3 Bf5 52. Bf1 Ke4 53. Kc4 Ke3 54. Kc3 Kf2 55. Bc4 Ke1 56. Bf7 Kd1 57. Bg8 Kc1 58. Bf7 Kb1 59. Kb3 Ka1 60. Bd5 Bd3 61. a4 Bb1 62. Ka3 Bc2 63. a5 b5 0-1

[Event "Chigorin Memorial 25th"]
[Site "St Petersburg"]
[Date "2017.10.27"]
[Round "7"]
[White "Astakhov, Dmitrii"]
[Black "Lystsov, Leonid"]
[Result "0-1"]
[WhiteElo "1490"]
[BlackElo "1866"]
[PlyCount "56"]
[EventDate "2017.10.21"]
[EventType "swiss"]
[EventRounds "9"]
[EventCountry "RUS"]
[SourceTitle "CBM 181 Extra"]
[Source "ChessBase"]
[SourceDate "2017.12.12"]
[SourceVersion "1"]
[SourceVersionDate "2017.12.12"]
[SourceQuality "1"]

1. Nf3 g6 2. g3 Bg7 3. Bg2 d6 4. 0-0 e5 5. d3 f5 6. Nbd2 Nf6 7. e4 0-0 8. Re1 f4 9. d4 fxg3 10. fxg3 exd4 11. Nxd4 Ng4 12. N2f3 Nc6 13. Nxc6 bxc6 14. c3 Rb8 15. Bg5 Qe8 16. Qc2 h6 17. Bd2 g5 18. Nd4 Qh5 19. h3 Nf2 20. Rf1 Nxh3+ 21. Bxh3 Bxh3 22. Rxf8+ Rxf8 23. Qd3 Bxd4+ 24. cxd4 Rf3 25. Qc4+ d5 26. exd5 Rxg3+ 27. Kh2 Qh4 28. d6+ Be6# 0-1

[Event "Chigorin Memorial 25th"]
[Site "St Petersburg"]
[Date "2017.10.26"]
[Round "6"]
[White "Lystsov, Leonid"]
[Black "Gurjevskoy, Denis"]
[Result "0-1"]
[WhiteElo "1866"]
[BlackElo "2089"]
[PlyCount "76"]
[EventDate "2017.10.21"]
[EventType "swiss"]
[EventRounds "9"]
[EventCountry "RUS"]
[SourceTitle "CBM 181 Extra"]
[Source "ChessBase"]
[SourceDate "2017.12.12"]
[SourceVersion "1"]
[SourceVersionDate "2017.12.12"]
[SourceQuality "1"]

1. d4 d5 2. Bf4 Nc6 3. e3 Bf5 4. c4 e6 5. Nc3 Nf6 6. Nf3 Nb4 7. Rc1 dxc4 8. Bxc4 Nbd5 9. Bxd5 Nxd5 10. Nxd5 Qxd5 11. Rxc7 Bb4+ 12. Nd2 0-0 13. 0-0 Bd3 14. Re1 Qxa2 15. Rxb7 a5 16. e4 Qxb2 17. Nf3 Qc2 18. Bd2 Qxd1 19. Rxd1 Bxe4 20. Bxb4 Bxb7 21. Bxf8 Bxf3 22. gxf3 Kxf8 23. Ra1 a4 24. Ra3 Ke7 25. Kf1 Kd6 26. Ke2 Kc6 27. Kd3 Kb5 28. Kc3 Rc8+ 29. Kb2 Rc4 30. Rd3 Kc6 31. f4 Kd5 32. Rh3 h6 33. Rg3 g6 34. Ka3 Kxd4 35. Kb2 Ke4 36. f3+ Ke3 37. Ka3 Rxf4 38. Rg2 Kxf3 0-1

[Event "Wch U10"]
[Site "Pocos de Caldas"]
[Date "2017.08.28"]
[Round "7"]
[White "Lystsov, Leonid"]
[Black "Zhang, Di"]
[Result "0-1"]
[WhiteElo "1885"]
[BlackElo "1791"]
[PlyCount "104"]
[EventDate "2017.08.22"]
[EventType "swiss"]
[EventRounds "11"]
[EventCountry "BRA"]
[SourceTitle "CBM 180 Extra"]
[Source "ChessBase"]
[SourceDate "2017.10.06"]
[SourceVersion "1"]
[SourceVersionDate "2017.10.06"]
[SourceQuality "1"]

1. e4 c5 2. Nf3 e6 3. g3 d5 4. exd5 exd5 5. d4 Nf6 6. Bg2 Be7 7. 0-0 0-0 8. dxc5 Bxc5 9. Nbd2 Nc6 10. Nb3 Bb6 11. c3 Ne4 12. Nfd4 f5 13. Be3 Ne5 14. Nc2 Nc4 15. Bxb6 axb6 16. Nb4 Nxb2 17. Qxd5+ Kh8 18. Qxd8 Rxd8 19. Bxe4 fxe4 20. Nd4 Bh3 21. Rfe1 Na4 22. Nb5 Nc5 23. Red1 Nd3 24. Nxd3 Rxd3 25. Nd4 h6 26. Rxd3 exd3 27. Rd1 Rxa2 28. f3 Rg2+ 29. Kh1 Rb2 30. g4 h5 31. gxh5 d2 32. Kg1 Bd7 33. Kf2 Ba4 34. Ke2 Bxd1+ 35. Kxd1 Kh7 36. Nc2 Rb5 37. Kxd2 Rxh5 38. Ke3 Rxh2 39. Na3 Rh4 40. Nb5 g5 41. Nd6 Kg6 42. Ne4 Kf5 43. Nd6+ Ke5 44. Nxb7 Kd5 45. Kd3 Rh3 46. Ke2 Kc4 47. Nd6+ Kxc3 48. Ne4+ Kd4 49. Nxg5 Rh2+ 50. Kf1 Ke3 51. Kg1 Ra2 52. Ne6 Kxf3 0-1